000 00623naa a2200205 4500
001 216219759
003 UA-OsUOA
005 20201130154821.0
008 201130b un ||||| |||| 00| 0 ukr d
040 _aUA-OsUOA
_bukr
_cUA-OsUOA
_dUA-OsUOA
041 _aukr
080 _a908
090 _a908
100 _aАльошина О.
245 _aНаціонально-церковний рух на Волині
_cОксана Альошина
300 _aС. 3–12
650 _2UDC
773 0 _0349426
_9376619
_dОстрог 2009
_o123383
_tНаукові записки
_w(UA-OsUOA) 63342
942 _2udc
_cBKA
999 _c463941
_d463941